000 01070nam a2200265Ia 4500
003 OSt
005 20221005110842.0
006 a|||||r|||| 00| 0
007 ta
008 221004b |||||||| |||| 00| 0 hin d
020 _a9788126703753 (hbk)
_c650
024 _a9951
037 _bBR7982, 13/03/2014, Rajkamal Prakashan Pvt. Ltd.
_cTextual
040 _aCRL
_cCRL
_bhin
041 _2hin
_ahin
082 _aO152,6M84:g, L7;Q2
100 _aशर्मा, रामविलास
245 0 _aमहावीर प्रसाद द्विवेदी और हिन्दी नवजागरण
246 _aMahāvīr prasād dvivedī aur hindī navajāgaraṇa
260 _aनई दिल्ली
_bराजकमल प्रकाशन भारत
_c2012
300 _a405पृ0
_ccm.
650 _aहिन्दी साहित्य
942 _hO152,6M84:g, L7;Q2
_cTEXL
_2cc
999 _c1020074
_d1020074